书目信息 |
| 题名: |
现代中国舆论思想的兴起与演变
|
|
| 作者: | 倪琳 著 | |
| 分册: | ||
| 出版信息: | 上海 上海交通大学出版社 2017 |
|
| 页数: | 228页 | |
| 开本: | 24cm | |
| 丛书名: | ||
| 单 册: | ||
| 中图分类: | C912.63 | |
| 科图分类: | ||
| 主题词: | 舆论--研究--中国--现代 | |
| 电子资源: | ||
| ISBN: | 978-7-313-17672-1 | |
| 000 | 01004nam0 2200241 450 | |
| 001 | 012001001201 | |
| 005 | 20140920091302.0 | |
| 010 | @a978-7-313-17672-1@dCNY68.00 | |
| 100 | @a20171222d2017 em y0chiy50 ea | |
| 101 | 0 | @achi |
| 102 | @aCN@b310000 | |
| 105 | @ay z 001yy | |
| 106 | @ar | |
| 200 | 1 | @a现代中国舆论思想的兴起与演变@9Xian Dai Zhong Guo Yu Lun Si Xiang De Xing Qi Yu Yan Bian@dThe rise and evolution of public opinion thought in modern China@f倪琳著@zeng |
| 210 | @a上海@c上海交通大学出版社@d2017 | |
| 215 | @a228页@d24cm | |
| 330 | @a本书力图揭示在现代中国语境下古老的舆论概念复活、兴起、转化与演变的思想过程。研究从历史学、语言学和传播学等视角综合考察了现代中国舆论思想演变的脉络特征并对与舆论相关的诸多概念进行了厘清。 | |
| 510 | 1 | @aRise and evolution of public opinion thought in modern China@zeng |
| 606 | 0 | @a舆论@x研究@y中国@z现代 |
| 690 | @aC912.63@v5 | |
| 701 | 0 | @a倪琳@9Ni Lin@c(女)@4著 |
| 801 | 0 | @aCN@b上海新华@c20180901 |
| 905 | @b1156024-28@dC912.63@e1446@f5 | |
| 现代中国舆论思想的兴起与演变=The rise and evolution of public opinion thought in modern China/倪琳著.-上海:上海交通大学出版社,2017 |
| 228页;24cm |
| ISBN 978-7-313-17672-1:CNY68.00 |
| 本书力图揭示在现代中国语境下古老的舆论概念复活、兴起、转化与演变的思想过程。研究从历史学、语言学和传播学等视角综合考察了现代中国舆论思想演变的脉络特征并对与舆论相关的诸多概念进行了厘清。 |
| ● |
| 相关链接 |
|
|
|
|
正题名:现代中国舆论思想的兴起与演变
索取号:C912.63/1446
 
预约/预借
| 序号 | 登录号 | 条形码 | 馆藏地/架位号 | 状态 | 备注 |
| 1 | 1156024 | 211560247 | 第一样本阅览室/ [索取号:C912.63/1446] | 在馆 | |
| 2 | 1156025 | 211560256 | 第一借阅区/ [索取号:C912.63/1446] | 在馆 | |
| 3 | 1156026 | 211560265 | 第一借阅区/ [索取号:C912.63/1446] | 在馆 | |
| 4 | 1156027 | 211560274 | 第一借阅区/ [索取号:C912.63/1446] | 在馆 | |
| 5 | 1156028 | 211560283 | 第一借阅区/ [索取号:C912.63/1446] | 在馆 |